Canadian Provinces by Capitals and Borders - Statistics

General Stats
  • This quiz has been taken 78 times
  • The average score is 11 of 13
Answers on the Map
Answers color-coded by a green-red scale on the quiz's map according to % correct below.
 
Answer Stats
Province / Territory % Correct
Quebec
100%
Ontario
98%
Manitoba
93%
New Brunswick
90%
Newfoundland and Labrador
90%
Alberta
87%
Northwest Territories
87%
Saskatchewan
87%
British Columbia
85%
Nunavut
82%
Yukon
70%
Nova Scotia
65%
Prince Edward Island
45%
No matching quizzes found
Score Distribution
Percent of People with Each Score
Percentile by Number Answered
Your Score History
You have not taken this quiz